000 00627nam a2200229Ia 4500
003 OSt
005 20220925212358.0
006 a|||||r|||| 00| 0
007 ta
008 220923b |||||||| |||| 00| 0 eng d
037 _cGeneral Book
040 _aRTL
_cRTL
_beng
041 _2eng
_aeng
082 _aX:3M24, L3/SC
100 _aNAGY Bela Csikos
_9276744
245 0 _aSocialist economic policy.
260 _aLondon
_bAkademiai Kiado
_c1973
300 _a238p.
_ccm.
500 _aBibliography: P 225-32
942 _hX:3M24, L3/SC
_cGB
_2CC
999 _c560245
_d560245